Sean Penn : ses films en mort subite - Statistiques

Statistiques générales
  • Ce quiz a été pris 32 fois
  • Le résultat moyen est 6 sur 16
Answers on the Grid
Answers color-coded by a green-red scale on the quiz's grid according to % correct below.
It's All About Dove
The Assassination of John Kennedy
La Ligne rouge
Panique à Los Angeles
L'Interprète
Accords et Désaccords
This Must Be the Glace
21 grammes
Froide journée à L.A
Avant la nuit
Licorice Pizza
Fool Blue
Colors
X-Turn
Les Poissons du printemps
Mystic River
Pékin Surprise
Sam, je suis Sam
Le Voeu du faucon
The Tree of Life
Comme un chat enragé
Harvey Milk
Outrages
Le Mois de l'eau
Hollywood Sunrise
Les Poux du roi
Gungirl
The Game
Gangster Quad
She's So Lovely
Happy birds, le film
La Dernière Marche
 
Statistiques - réponses
Réponse % Correct
Mystic River
75%
Harvey Milk
68%
La Ligne rouge
68%
21 grammes
57%
The Game
54%
Licorice Pizza
39%
The Tree of Life
39%
La Dernière Marche
36%
Sam, je suis Sam
36%
Accords et Désaccords
25%
L'Interprète
25%
Colors
18%
She's So Lovely
18%
Outrages
14%
Hollywood Sunrise
11%
Avant la nuit
4%
Aucun quiz correspondant
Distribution des résultats
% des personnes avec chaque résultat
Percentile par nombre de réponses
Votre historique - résultats
Vous n’avez pas pris ce quiz